000 00567nam a2200181 a 4500
001 000035811
005 20200930074630.0
008 111114s1971 ag 000 0 spa d
040 _aDO-SdBNP
_bspa
_cBNPHU
082 _axxxx
_bxxxx
245 0 3 _aEl humor más serio del mundo /
_ceditor Rodolfo Alonso ; traducción Alcira González Malleville.
260 _aBuenos Aires,
_c1971.
300 _a232 p. ;
_c18 cm.
490 1 _aAventura
700 1 _aAlonso, Roberto,
_eed.
_961764
700 1 _aGonzález Malleville, Alcira,
_etr.
_961765
830 0 _aAventura
_943011
999 _c35302
_d35302